By the Numbers #59 - Statistics

General Stats
  • This quiz has been taken 48 times
  • The average score is 11 of 20
Answer Stats
Hint Explanation Answer % Correct
(62 + 4) * 2 (62 + 4) * 2

      = ((6 * 6) + 4) * 2

      = (36 + 4) * 2

      = 40 * 2

      = 80
80
91%
Year the Imperial Japanese Navy Air Service attacked the U.S. naval base at Pearl Harbor, Honolulu, Hawaii Wikipedia: Attack on Pearl Harbor 1941
88%
Year atomic bombs were dropped on Hiroshima and Nagasaki Wikipedia: Atomic bombings of Hiroshima and Nagasaki 1945
88%
50 10/13 + 24 3/13 50 10/13 + 24 3/13

   = (50 + 10/13) + (24 + 3/13)

   = (50 + 24) + (10/13 + 3/13)

   = 74 + (10/13 + 3/13)

   = 74 + 13/13

   = 74 + 1

   = 75
75
84%
Number of units in a baker’s dozen * number of pints in a quart There are 13 units in a baker’s dozen and two pints in a quart, so …

13 * 2 = 26
26
78%
Number of men and a little lady in the title of the 1990 film that starred Tom Selleck, Steve Guttenberg and Ted Danson Wikipedia: Three Men and a Little Lady 3
72%
D ÷ V The Roman numerals D and V are equivalent to the Arabic numbers 500 and 5, respectively. So, …

500 ÷ 5 = 100
100
66%
Cardinality of the hour at which you completed a task if you put it off until the last minute, according to the idiom The Free Dictionary: eleventh hour 11
66%
Number of JetPunk sovereign states with a capital city whose name begins with “U” Wikipedia: List of national capitals 1
63%
Number of Teletubbies featured in the British children’s TV show (1997–2001, 2015–2018) Wikipedia: Teletubbies 4
63%
Century number found in the name of a Madison, New Jersey-based real estate company Wikipedia: Century 21 Real Estate 21
56%
Number of sides a triacontaheptagon has Wikidata: triacontaheptagon 37
53%
Number of JetPunk sovereign states that share a land border with Azerbaijan Wikipedia: Azerbaijan 5
44%
Denomination of the Australian banknote sometimes referred to as a “pineapple” because of its coloring Wikipedia: Slang terms for money 50
44%
Number of days in May (Mensis Maius) in the Roman Republican calendar used until 45 BCE (when it was replaced by the Julian calendar) Wikipedia: Roman calendar 31
41%
June date on which the Church of England commemorates Peter and Paul, Apostles The Church of England: Common Worship 29
28%
Atomic number of the element selenium Wikipedia: Selenium 34
22%
Number “of Crows” in the title of Leigh Bardugo‘s 2015 fantasy novel Wikipedia: Six of Crows 6
22%
Number of provinces (marzer) which, along with the city of Yerevan, comprise the first level administrative divisions of Armenia Wikipedia: Administrative divisions of Armenia 10
19%
Number of cars whose drivers participate in the Indianapolis 500, traditionally Wikipedia: Indianapolis 500 33
13%
No matching quizzes found
Score Distribution
Percent of People with Each Score
Percentile by Number Answered
Your Score History
You have not taken this quiz